|
|
|
|
| LEADER |
00000nam0a2200000 4500 |
| 001 |
249846 |
| 005 |
20231101232517.0 |
| 010 |
|
|
|a 5724503298
|
| 020 |
|
|
|a RU
|b 89-8725
|
| 035 |
|
|
|a (RuTPU)RU\TPU\book\271960
|
| 090 |
|
|
|a 249846
|
| 100 |
|
|
|a 20140208d1989 k y0rusy5003 ca
|
| 101 |
0 |
|
|a rus
|
| 102 |
|
|
|a RU
|
| 105 |
|
|
|a a z 001zy
|
| 200 |
1 |
|
|a Полярография в химии и технологии полимеров
|f В. Д. Безуглый
|
| 205 |
|
|
|a 3-е изд., перераб. и доп.
|
| 210 |
|
|
|a Москва
|c Химия
|d 1989
|
| 215 |
|
|
|a 256 с.
|c ил.
|
| 320 |
|
|
|a Библиогр.: с. 244-253 (337 назв.)
|
| 330 |
|
|
|a Рассмотрено современное состояние полярографии органических соединений; показаны возможности этого метода для исследования и анализа веществ, используемых в синтезе высокомолекулярных соединений и в производстве пластмасс на всех стадиях технологических процессов. Значительное внимание уделено конкретным методикам полярографического определения отдельных веществ, а также вопросам исследования макромолекул полярографическим методом. Третье издание (2-е изд. —1968 г.) дополнено рядом разделов, освещающих: основные принципы и аналитические возможности метода. Для научных и инженерно-технических работников научно-исследовательских институтов и заводских лабораторий; может быть полезна студентам и аспирантам химических и химико-технологических вузов.
|
| 606 |
1 |
|
|a Полимеры
|x Полярографические исследования
|2 stltpush
|3 (RuTPU)RU\TPU\subj\50260
|9 68978
|
| 610 |
1 |
|
|a полярографические исследования
|
| 610 |
1 |
|
|a технология
|
| 610 |
1 |
|
|a полярографический метод
|
| 610 |
1 |
|
|a электрохимическое восстановление
|
| 610 |
1 |
|
|a органические соединения
|
| 610 |
1 |
|
|a качественный анализ
|
| 610 |
1 |
|
|a количественный анализ
|
| 610 |
1 |
|
|a мономеры
|
| 610 |
1 |
|
|a углеводороды
|
| 610 |
1 |
|
|a вспомогательные вещества
|
| 610 |
1 |
|
|a полимерные молекулы
|
| 610 |
1 |
|
|a биологические макромолекулы
|
| 610 |
1 |
|
|a библиотека А. Г. Стромберга
|
| 675 |
|
|
|a 678.01:54
|z rus
|v 4
|
| 700 |
|
1 |
|a Безуглый
|b В. Д.
|g Василий Данилович
|
| 801 |
|
0 |
|a RU
|b RuMRKP
|c 19950417
|g psbo
|
| 801 |
|
1 |
|a RU
|b 63413507
|c 20140208
|
| 801 |
|
2 |
|a RU
|b 63413507
|c 20180424
|g RCR
|
| 942 |
|
|
|c BK
|